| Tag |
First Indicator |
Second Indicator |
Subfields |
| LEADER |
00000cam a2200000 a 4500 |
| 001 |
in00001476449 |
| 005 |
20151021060610.0 |
| 008 |
980421s1998 ctua b 001 0 eng |
| 010 |
|
|
|a 98023570
|
| 015 |
|
|
|a GB99-12293
|
| 020 |
|
|
|a 0275962695 (alk. paper)
|
| 035 |
|
|
|a (OCoLC)39051227
|
| 035 |
|
|
|9 AJF6888AM
|
| 040 |
|
|
|a DLC
|c DLC
|d C#P
|d UKM
|d TXA
|d UtOrBLW
|
| 043 |
|
|
|a s-cl---
|
| 049 |
|
|
|a TXAM
|
| 050 |
0 |
0 |
|a HC192
|b .H55 1998
|
| 082 |
0 |
0 |
|a 338.983
|2 21
|
| 100 |
1 |
|
|a Hira, Anil.
|
| 245 |
1 |
0 |
|a Ideas and economic policy in Latin America :
|b regional, national, and organizational case studies /
|c Anil Hira.
|
| 264 |
|
1 |
|a Westport, Conn. :
|b Praeger,
|c 1998.
|
| 300 |
|
|
|a 185 pages :
|b illustrations ;
|c 25 cm.
|
| 336 |
|
|
|a text
|b txt
|2 rdacontent
|
| 337 |
|
|
|a unmediated
|b n
|2 rdamedia
|
| 338 |
|
|
|a volume
|b nc
|2 rdacarrier
|
| 504 |
|
|
|a Includes bibliographical references and index.
|
| 651 |
|
0 |
|a Chile
|x Economic policy.
|
| 650 |
|
0 |
|a Economic policy
|x Political aspects.
|
| 650 |
|
4 |
|a Economic policy
|x Political aspects.
|
| 651 |
|
4 |
|a Chile
|x Economic policy.
|
| 948 |
|
|
|a c:cer
|d 20041105
|
| 999 |
|
|
|a MARS
|
| 999 |
f |
f |
|s 9f329d54-c2f8-3be5-9bc9-ce2086971e0f
|i 262f8885-cf25-385c-8446-f9d11f773d33
|t 0
|
| 952 |
f |
f |
|p normal
|a Texas A&M University
|b College Station
|c Sterling C. Evans Library
|d Evans: Library Stacks
|t 0
|e HC192 .H55 1998
|h Library of Congress classification
|i unmediated -- volume
|m A14824118628
|
| 998 |
f |
f |
|a HC192 .H55 1998
|t 0
|l Evans: Library Stacks
|